000 00539nam a2200193 4500
003 SEACOMEC
005 20240722154052.0
008 240511b |||||||| |||| 00| 0 eng d
020 _c260.00
040 _aSEACOMEC
082 _a515.35
_bR149
100 _aRaisinghania, M. D.
245 _aAdvanced Differential Equation
_c M.D. Raisinghania
250 _a11th ed.
260 _aNew Delhi
_bS Chand Publishing
_c2005, 2007(11th ed.)
300 _c20.3 x 25.4 x 4.7 cm
650 _aMathematics - Differential equation
942 _cBOOK
999 _c1060
_d1060